| 000 | 00638nam a2200193Ia 4500 | ||
|---|---|---|---|
| 005 | 20250923145246.0 | ||
| 008 | 008 250917s9999 xx 000 0 eng d | ||
| 037 | _aTextual | ||
| 040 |
_aDSWL _beng _cDSWL |
||
| 041 |
_aeng _2eng |
||
| 084 |
_aYX,z1;6-P8.56'N55t, N67 _qDSWL |
||
| 245 | 4 |
_aThe place of voluntary service in after-care second report of the working party _cby Her Majestys Stationary Office |
|
| 260 |
_aLondon _bHer Majestys Stationary Office _c1967 |
||
| 300 | _a11p. | ||
| 365 |
_aINR _b5.3 |
||
| 925 | _g5.3 | ||
| 942 |
_cTEXL _hYX,z1;6-P8.56'N55t, N67 |
||
| 999 |
_c1449081 _d1449081 |
||